000 00752nam a2200289Ia 4500
005 20260324133238.0
008 008 260324s9999 xx 000 0 eng d
020 _a9781315043913
037 _aEBOOK
040 _aCRL
040 _beng
040 _cCRL
041 _2eng
041 _aeng
084 _qCRL
100 _aN. Sullivan; L. Mitchell; D. Goodman; N.C. Lang; E.S. Mesbur
_91192350
245 0 _aSocial Work with Groups
245 0 _bSocial Justice Through Personal, Community, and Societal Change
260 _bTaylor and Francis
260 _c2003
365 _a
365 _b290
856 _uhttp://www.taylorfrancis.com/books/9781315043913
942 _cEBOOK
999 _c1791224
_d1791224